[Event "South Carolina op"]
[Site "Greenville"]
[Date "2006.06.25"]
[Round "4"]
[White "Bogart, Mark J"]
[Black "Newcomb, Blaine H"]
[Result "0-1"]
[WhiteElo "1800"]
[BlackElo "1893"]
[PlyCount "90"]
[EventDate "2006.06.23"]
[EventType "swiss"]
[EventRounds "5"]
[EventCountry "USA"]
[SourceTitle "CBM 112 Extra"]
[Source "ChessBase"]
[SourceDate "2006.07.14"]
[SourceVersion "1"]
[SourceVersionDate "2006.07.14"]
[SourceQuality "1"]

1. d4 Nf6 2. Nf3 e6 3. e3 b6 4. Bd3 Bb7 5. 0-0 g6 6. b3 Bg7 7. Bb2 0-0 8. Nbd2 d5 9. Ne5 Nbd7 10. f4 Ne4 11. Rf3 f6 12. Ng4 h5 13. Nf2 f5 14. Be2 Ndf6 15. Ndxe4 dxe4 16. Rg3 Kf7 17. h4 Ng4 18. Rh3 Bf6 19. g3 Nxe3 20. Qd2 Ng4 21. Nxg4 hxg4 22. Rh2 Qd7 23. Rd1 Rad8 24. Qe3 c5 25. c3 cxd4 26. cxd4 Rc8 27. Bf1 Bd5 28. Ba6 Rc7 29. Rhd2 b5 30. Ba3 Rb8 31. Bb4 Qc6 32. Bxb5 Rxb5 33. Bc5 a5 34. Rc1 a4 35. Rb2 axb3 36. axb3 Bxd4 37. Qxd4 Rxc5 38. Rd1 Rc1 39. Rbd2 Rxd1+ 40. Rxd1 Qc3 41. Qb6 Qxg3+ 42. Kf1 Rc2 43. Qa7+ Kg8 44. Qb8+ Kh7 45. Qa7+ Kh6 0-1

[Event "South Carolina op"]
[Site "Greenville"]
[Date "2006.06.23"]
[Round "1"]
[White "Horwitz, Daniel M"]
[Black "Bogart, Mark J"]
[Result "0-1"]
[WhiteElo "1717"]
[BlackElo "1800"]
[PlyCount "52"]
[EventDate "2006.06.23"]
[EventType "swiss"]
[EventRounds "5"]
[EventCountry "USA"]
[SourceTitle "CBM 112 Extra"]
[Source "ChessBase"]
[SourceDate "2006.07.14"]
[SourceVersion "1"]
[SourceVersionDate "2006.07.14"]
[SourceQuality "1"]

1. e4 d5 2. exd5 Qxd5 3. Nc3 Qa5 4. Bc4 Nf6 5. d3 c6 6. Bd2 Qc7 7. Qe2 e6 8. Nf3 Be7 9. 0-0-0 b5 10. Bb3 a5 11. a4 Bd7 12. Ne4 bxa4 13. Bxa4 c5 14. Bxd7+ Nbxd7 15. Bc3 0-0 16. Nxf6+ Nxf6 17. Ne5 Nd5 18. Nc4 Nxc3 19. bxc3 Bg5+ 20. Ne3 Bf6 21. d4 cxd4 22. cxd4 Rfd8 23. Qc4 Qf4 24. Rhe1 Bxd4 25. Qb3 Rab8 26. Qa2 Bxe3+ 0-1